Decision making with support of artificial intelligence
Informačný systém podniku je vo svojej podstate podporný systém rozhodovacieho systému podniku a možno ho považovať za veľmi dôležitý faktor konkurencieschopnosti a prosperity podniku. Príspevok je zameraný na problematiku voľby vhodného spôsobu realizácie modulu pre podporu rozhodovacích procesov s...
Uložené v:
| Hlavný autor: | |
|---|---|
| Ďalší autori: | , |
| Médium: | Kapitola |
| Jazyk: | English |
| Predmet: | |
| Tagy: |
Žiadne tagy, Buďte prvý, kto otaguje tento záznam!
|
MARC
| LEADER | 00000naa$a2200000$$$4500 | ||
|---|---|---|---|
| 001 | 0035605 | ||
| 005 | 20231113141652.7 | ||
| 041 | 0 | |a eng | |
| 044 | |a CZ | ||
| 245 | 1 | 0 | |a Decision making with support of artificial intelligence |c Ivana Rábová, Vladimír Konečný, Anděla Matiášová |
| 520 | |a Informačný systém podniku je vo svojej podstate podporný systém rozhodovacieho systému podniku a možno ho považovať za veľmi dôležitý faktor konkurencieschopnosti a prosperity podniku. Príspevok je zameraný na problematiku voľby vhodného spôsobu realizácie modulu pre podporu rozhodovacích procesov s využitím metód umelej inteligencie. | ||
| 610 | 2 | 0 | |a podnik |
| 610 | 2 | 0 | |a systémy informačné podnikové |
| 610 | 2 | 0 | |a rozhodovanie |
| 610 | 2 | 0 | |a systémy expertné |
| 610 | 2 | 0 | |a inteligencia umelá |
| 610 | 2 | 0 | |a siete neurónové |
| 100 | 1 | |a Rábová, Ivana | |
| 700 | 1 | |a Konečný, Vladimír | |
| 700 | 1 | |a Matiášová, Anděla | |